[Event "London Muswell Hill op"]
[Site "London"]
[Date "2023.10.17"]
[Round "8"]
[White "Vyas, Rayaan"]
[Black "Haddock, Paul"]
[Result "0-1"]
[WhiteElo "1375"]
[BlackElo "1396"]
[PlyCount "66"]
[EventDate "2023.08.29"]
[EventType "swiss"]
[EventRounds "14"]
[EventCountry "ENG"]
[SourceTitle "EXT 2025"]
[Source "ChessBase"]
[SourceDate "2024.10.14"]
[SourceVersion "1"]
[SourceVersionDate "2024.10.14"]
[SourceQuality "1"]

1. e4 c5 2. c3 d5 3. exd5 Qxd5 4. Nf3 Bg4 5. Be2 Nc6 6. Na3 Nf6 7. Nb5 Qd7 8. d4 a6 9. Na3 e6 10. Nc4 Qc7 11. Be3 cxd4 12. Nxd4 Bxe2 13. Qxe2 b5 14. Nd2 Be7 15. Qf3 Rc8 16. 0-0 Nd5 17. Rac1 Nxe3 18. fxe3 0-0 19. c4 Ne5 20. Qe4 Nxc4 21. Qd3 Qd7 22. Nxc4 bxc4 23. Rxc4 e5 24. Nf5 Qxd3 25. Nxe7+ Kh8 26. Rxc8 Rxc8 27. Nxc8 Qxe3+ 28. Kh1 f6 29. Rd1 h6 30. h3 Qe2 31. Rb1 Qc4 32. Nd6 Qd3 33. Nf7+ Kg8 0-1

[Event "London Central op U1750"]
[Site "London"]
[Date "2022.04.22"]
[Round "1"]
[White "Carter, John"]
[Black "Haddock, Paul"]
[Result "1-0"]
[WhiteElo "1678"]
[BlackElo "1432"]
[PlyCount "53"]
[EventDate "2022.04.22"]
[EventType "swiss"]
[EventRounds "5"]
[EventCountry "ENG"]
[SourceTitle "EXT 2024"]
[Source "ChessBase"]
[SourceDate "2023.10.10"]
[SourceVersion "1"]
[SourceVersionDate "2023.10.10"]
[SourceQuality "1"]

1. d4 Nf6 2. c4 d6 3. Nc3 g6 4. e4 Bg7 5. f3 0-0 6. Be3 c6 7. Qd2 e5 8. Nge2 exd4 9. Nxd4 Nbd7 10. 0-0-0 Ne5 11. h3 Nh5 12. Qf2 a6 13. f4 Nd7 14. g4 Nhf6 15. g5 Ne8 16. h4 c5 17. Nde2 Nb6 18. Bxc5 Nxc4 19. e5 Qa5 20. exd6 Bd7 21. Bd4 Bxd4 22. Qxd4 Rc8 23. Kb1 Qb4 24. b3 Bf5+ 25. Ka1 Nexd6 26. bxc4 Nxc4 27. Nd5 1-0

[Event "Gibraltar Amateurs op-B"]
[Site "Caleta"]
[Date "2020.01.25"]
[Round "1"]
[White "Haddock, Paul"]
[Black "Mircov, Nicola Alexandru"]
[Result "1-0"]
[WhiteElo "1498"]
[BlackElo "1788"]
[PlyCount "44"]
[EventDate "2020.01.20"]
[EventType "swiss"]
[EventRounds "5"]
[EventCountry "GGB"]
[SourceTitle "CBM 194 Extra"]
[Source "ChessBase"]
[SourceDate "2020.03.31"]
[SourceVersion "1"]
[SourceVersionDate "2020.03.31"]
[SourceQuality "1"]

1. e4 c5 2. Nf3 e6 3. d4 cxd4 4. Nxd4 Nf6 5. Nc3 d6 6. Bc4 Be7 7. 0-0 0-0 8. Bb3 Na6 9. Qe2 Nc5 10. Kh1 Qc7 11. Bg5 h6 12. Bxf6 Bxf6 13. Rfd1 a6 14. f4 b5 15. f5 b4 16. Na4 Nxb3 17. cxb3 Re8 18. fxe6 Bxe6 19. Nf5 Be5 20. Qd2 a5 21. Rac1 Qd8 22. Ne3 Qh4 1-0

[Event "Gibraltar Amateurs op-A"]
[Site "Caleta"]
[Date "2020.01.23"]
[Round "4"]
[White "Haddock, Paul"]
[Black "Apps, Ian"]
[Result "1-0"]
[WhiteElo "1498"]
[BlackElo "1308"]
[PlyCount "67"]
[EventDate "2020.01.20"]
[EventType "swiss"]
[EventRounds "5"]
[EventCountry "GGB"]
[SourceTitle "EXT 2021"]
[Source "ChessBase"]
[SourceDate "2020.10.23"]
[SourceVersion "1"]
[SourceVersionDate "2020.10.23"]
[SourceQuality "1"]

1. e4 Nf6 2. e5 Nd5 3. c4 Nb6 4. d4 d6 5. exd6 cxd6 6. h3 g6 7. Nf3 Bg7 8. Nc3 0-0 9. Be3 Bf5 10. Qd2 Na6 11. a3 Nc7 12. Bh6 f6 13. Bxg7 Kxg7 14. d5 e5 15. dxe6 Bxe6 16. b3 Qe7 17. Be2 Na6 18. 0-0 Nc5 19. Rab1 Rad8 20. Nd4 Bf7 21. Rfe1 Qc7 22. Bf1 d5 23. cxd5 Nxd5 24. b4 Na6 25. Bxa6 Nxc3 26. Rbc1 bxa6 27. Rxc3 Qb6 28. Rc5 a5 29. Qc3 axb4 30. axb4 Qb7 31. Rc7 Qb8 32. Ne6+ Kg8 33. Qxf6 Bxe6 34. Qg7# 1-0

[Event "London Chess Classic: Blitz D"]
[Site "London"]
[Date "2019.12.08"]
[Round "10"]
[White "Rushbrooke, Tibo"]
[Black "Haddock, Paul"]
[Result "1-0"]
[WhiteElo "1624"]
[BlackElo "1557"]
[PlyCount "91"]
[EventDate "2019.12.08"]
[EventType "swiss (blitz)"]
[EventRounds "11"]
[EventCountry "ENG"]
[SourceTitle "EXT 2021"]
[Source "ChessBase"]
[SourceDate "2020.10.23"]
[SourceVersion "1"]
[SourceVersionDate "2020.10.23"]
[SourceQuality "1"]

1. e4 c5 2. f4 Nc6 3. Nf3 g6 4. Nc3 e6 5. Bc4 Bg7 6. 0-0 Nge7 7. Qe1 0-0 8. d3 d5 9. Bb3 dxe4 10. dxe4 Nd4 11. Be3 b6 12. Rd1 Nec6 13. Ba4 Qc7 14. Bxc6 Qxc6 15. Nxd4 cxd4 16. Bxd4 Bxd4+ 17. Rxd4 Ba6 18. Rf3 Qc5 19. Qf2 Rfd8 20. Rd1 Rxd1+ 21. Nxd1 Qxf2+ 22. Kxf2 Rd8 23. Kg3 Rxd1 24. Ra3 Bb5 25. Rxa7 Rd2 26. Rb7 Rxc2 27. f5 Rxb2 28. f6 Kf8 29. Rxb6 Rxa2 30. Rxb5 Ke8 31. Rb8+ Kd7 32. Rh8 Ra3+ 33. Kf4 Kd6 34. Rxh7 Ra4 35. Rxf7 e5+ 36. Ke3 Ra3+ 37. Ke2 Ke6 38. Rf8 Ra2+ 39. Kf3 Ra3+ 40. Kg4 Ra7 41. Kg5 Ra4 42. Kxg6 Rxe4 43. Re8+ Kd7 44. f7 Rf4 45. f8Q Rxf8 46. Rxf8 1-0

[Event "London Classic op 11th"]
[Site "London"]
[Date "2019.12.06"]
[Round "9"]
[White "Haddock, Paul"]
[Black "Mohnblatt, Daniel"]
[Result "0-1"]
[WhiteElo "1481"]
[BlackElo "1688"]
[PlyCount "50"]
[EventDate "2019.11.29"]
[EventType "swiss"]
[EventRounds "9"]
[EventCountry "ENG"]
[SourceTitle "CBM 193 Extra"]
[Source "ChessBase"]
[SourceDate "2020.01.31"]
[SourceVersion "1"]
[SourceVersionDate "2020.01.31"]
[SourceQuality "1"]

1. e4 Nf6 2. e5 Nd5 3. d4 d6 4. Nf3 dxe5 5. Nxe5 c6 6. Bd3 Nd7 7. Nxd7 Bxd7 8. Nd2 e6 9. Nf3 Bd6 10. c3 h6 11. Ne5 Bxe5 12. dxe5 Qc7 13. Qe2 0-0-0 14. 0-0 f6 15. f4 g5 16. g3 gxf4 17. Bxf4 Nxf4 18. gxf4 f5 19. Qe3 c5 20. h3 Bc6 21. Kh2 Rhg8 22. Rg1 Rxg1 23. Rxg1 Qd7 24. Bc2 Qd2+ 25. Qxd2 Rxd2+ 0-1

[Event "London Classic op 11th"]
[Site "London"]
[Date "2019.12.02"]
[Round "5"]
[White "Volovich, Julia"]
[Black "Haddock, Paul"]
[Result "1-0"]
[WhiteElo "1753"]
[BlackElo "1481"]
[PlyCount "69"]
[EventDate "2019.11.29"]
[EventType "swiss"]
[EventRounds "9"]
[EventCountry "ENG"]
[SourceTitle "CBM 193 Extra"]
[Source "ChessBase"]
[SourceDate "2020.01.31"]
[SourceVersion "1"]
[SourceVersionDate "2020.01.31"]
[SourceQuality "1"]

1. d4 Nf6 2. c4 g6 3. Nc3 Bg7 4. e4 d6 5. Nf3 0-0 6. Be2 e5 7. 0-0 Nc6 8. d5 Ne7 9. Ne1 Ne8 10. Be3 f5 11. f3 f4 12. Bf2 g5 13. a4 Ng6 14. c5 Nf6 15. a5 a6 16. cxd6 cxd6 17. Na4 Nd7 18. Nb6 Nxb6 19. Bxb6 Qf6 20. Rc1 Rf7 21. Rc3 h5 22. Qc2 Bd7 23. Rc7 g4 24. Rxb7 g3 25. h3 Rc8 26. Rc7 Rcf8 27. Bxa6 Nh4 28. Bc8 Bb5 29. Be6 Bxf1 30. Rxf7 Rxf7 31. Kxf1 Kh7 32. Bxf7 Qxf7 33. Qc7 Qe8 34. Qc6 Qb8 35. a6 1-0

[Event "Gibraltar Amateur op-B"]
[Site "Caleta"]
[Date "2019.01.29"]
[Round "4"]
[White "Russell, Logan"]
[Black "Haddock, Paul"]
[Result "0-1"]
[WhiteElo "1185"]
[BlackElo "1580"]
[PlyCount "103"]
[EventDate "2019.01.26"]
[EventType "swiss"]
[EventRounds "5"]
[EventCountry "GGB"]
[SourceTitle "EXT 2021"]
[Source "ChessBase"]
[SourceDate "2020.10.23"]
[SourceVersion "1"]
[SourceVersionDate "2020.10.23"]
[SourceQuality "1"]

1. e4 c5 2. Nf3 d6 3. d4 cxd4 4. Nxd4 Nf6 5. Nc3 g6 6. Bb5+ Bd7 7. Bg5 Bg7 8. 0-0 0-0 9. Bd3 Qb6 10. Nf3 Be6 11. Qd2 Re8 12. b3 Qa5 13. Nb5 Qxd2 14. Nxd2 Rc8 15. Rae1 Nc6 16. f4 a6 17. Nc3 Ng4 18. Nd5 Bd4+ 19. Kh1 Nf2+ 20. Rxf2 Bxf2 21. Rf1 Bd4 22. c3 Bxc3 23. Nxc3 Nb4 24. Bc4 d5 25. Nxd5 Bxd5 26. Bxd5 Nxd5 27. exd5 f6 28. Bh4 Rc2 29. Rd1 Rac8 30. h3 Rxa2 31. Ne4 Rcc2 32. Nf2 Rxf2 33. Bxf2 Rxf2 34. d6 exd6 35. Rxd6 Rxf4 36. Rb6 a5 37. Rxb7 Rb4 38. Rxb4 axb4 39. Kg1 Kf7 40. Kf2 Ke6 41. Ke3 Kd5 42. Kd3 h5 43. g3 h4 44. g4 f5 45. gxf5 gxf5 46. Ke3 Ke5 47. Kf3 Kd4 48. Kf4 Kc3 49. Kxf5 Kxb3 50. Kg4 Kc4 51. Kxh4 b3 52. Kg5 0-1

[Event "Gibraltar Amateur op-B"]
[Site "Caleta"]
[Date "2019.01.27"]
[Round "2"]
[White "Manukonda, Arun"]
[Black "Haddock, Paul"]
[Result "1-0"]
[WhiteElo "1814"]
[BlackElo "1580"]
[PlyCount "73"]
[EventDate "2019.01.26"]
[EventType "swiss"]
[EventRounds "5"]
[EventCountry "GGB"]
[SourceTitle "EXT 2021"]
[Source "ChessBase"]
[SourceDate "2020.10.23"]
[SourceVersion "1"]
[SourceVersionDate "2020.10.23"]
[SourceQuality "1"]

1. d4 e5 2. dxe5 Nc6 3. Nf3 Qe7 4. Qd5 Nb4 5. Qb3 Qe6 6. Qxe6+ dxe6 7. Na3 Bd7 8. c3 Nc6 9. Nc2 Bc5 10. Bf4 Nge7 11. e3 Ng6 12. Bg3 0-0-0 13. 0-0-0 a6 14. Bd3 Be7 15. Ncd4 Nxd4 16. exd4 Bc6 17. h4 h5 18. Ne1 Kb8 19. f4 b5 20. f5 exf5 21. Bxf5 Nf8 22. Rf1 Bd5 23. Kb1 f6 24. Nf3 Bxf3 25. gxf3 Nd7 26. Bxd7 Rxd7 27. f4 fxe5 28. fxe5 Bd8 29. e6 Rd5 30. Rf7 Re8 31. Re1 Be7 32. Rxg7 Kc8 33. Re5 Rxe5 34. Bxe5 Bxh4 35. Rxc7+ Kd8 36. Rd7+ Kc8 37. d5 1-0

[Event "Gibraltar Amateur op-A"]
[Site "Caleta"]
[Date "2019.01.23"]
[Round "3"]
[White "Leimeister, Winfried"]
[Black "Haddock, Paul"]
[Result "1-0"]
[WhiteElo "1870"]
[BlackElo "1580"]
[PlyCount "73"]
[EventDate "2019.01.21"]
[EventType "swiss"]
[EventRounds "5"]
[EventCountry "GGB"]
[SourceTitle "CBM 188 Extra"]
[Source "ChessBase"]
[SourceDate "2019.02.28"]
[SourceVersion "1"]
[SourceVersionDate "2019.02.28"]
[SourceQuality "1"]

1. e4 c5 2. Nf3 Nc6 3. g3 d6 4. Bg2 g6 5. 0-0 Bg7 6. d3 Nf6 7. c3 0-0 8. Nbd2 Rb8 9. a4 b5 10. axb5 Rxb5 11. Qe2 Qb6 12. Nc4 Qb8 13. Nfd2 e5 14. f4 Bg4 15. Bf3 Bh3 16. Rf2 exf4 17. gxf4 Ne7 18. Ne3 Bh6 19. Ng4 Nxg4 20. Bxg4 Bxg4 21. Qxg4 f5 22. Qh4 Bg7 23. Qxe7 Rf7 24. Qe6 Rbb7 25. Nc4 Rbd7 26. Be3 Kh8 27. Qd5 Qf8 28. Ra6 fxe4 29. dxe4 Bh6 30. Rxd6 Rde7 31. Rd8 Re8 32. Rxe8 Qxe8 33. Bxc5 Rd7 34. Bd4+ Bg7 35. Bxg7+ Kxg7 36. Qe5+ Qxe5 37. Nxe5 1-0

[Event "Gibraltar Amateur op-A"]
[Site "Caleta"]
[Date "2019.01.21"]
[Round "1"]
[White "Garcia Blazquez, Perez Manuel"]
[Black "Haddock, Paul"]
[Result "1-0"]
[WhiteElo "1849"]
[BlackElo "1580"]
[PlyCount "77"]
[EventDate "2019.01.21"]
[EventType "swiss"]
[EventRounds "5"]
[EventCountry "GGB"]
[SourceTitle "CBM 188 Extra"]
[Source "ChessBase"]
[SourceDate "2019.02.28"]
[SourceVersion "1"]
[SourceVersionDate "2019.02.28"]
[SourceQuality "1"]

1. e4 c5 2. Nf3 d6 3. d4 cxd4 4. Nxd4 Nf6 5. Nc3 g6 6. Be3 Bg7 7. f3 Nc6 8. Qd2 0-0 9. 0-0-0 Re8 10. Kb1 Bd7 11. g4 Rc8 12. h4 h5 13. Nxc6 bxc6 14. Bh6 Bh8 15. e5 dxe5 16. gxh5 Bf5 17. hxg6 Qxd2 18. gxf7+ Kxf7 19. Rxd2 Red8 20. Rxd8 Rxd8 21. Bc4+ Nd5 22. Be3 e6 23. Bxd5 exd5 24. Bxa7 Rg8 25. Rg1 Rxg1+ 26. Bxg1 Kg6 27. a4 Bf6 28. Bf2 Kh5 29. a5 Bc8 30. Na4 Bd8 31. b4 Bb7 32. Nc5 Ba8 33. c3 Bxh4 34. Bg1 Kg6 35. a6 Be7 36. Nd7 c5 37. Bxc5 Bxc5 38. Nxc5 Kf5 39. b5 1-0

[Event "London Classic op 10th"]
[Site "London"]
[Date "2018.12.15"]
[Round "8"]
[White "Haddock, Paul"]
[Black "Wei, Naomi"]
[Result "0-1"]
[WhiteElo "1558"]
[BlackElo "1812"]
[PlyCount "44"]
[EventDate "2018.12.09"]
[EventType "swiss"]
[EventRounds "9"]
[EventCountry "ENG"]
[SourceTitle "CBM 187 Extra"]
[Source "ChessBase"]
[SourceDate "2018.11.04"]
[SourceVersion "1"]
[SourceVersionDate "2018.11.04"]
[SourceQuality "1"]

1. e4 e6 2. d4 d5 3. e5 c5 4. c3 Nc6 5. Nf3 Qb6 6. Bd3 cxd4 7. cxd4 Bd7 8. Nc3 Nxd4 9. Nxd4 Qxd4 10. 0-0 a6 11. Re1 Qb6 12. Na4 Qa5 13. b3 Bb4 14. Re2 Bxa4 15. bxa4 Ne7 16. Rb1 Rb8 17. Reb2 Bc3 18. Rxb7 Rxb7 19. Rxb7 Nc6 20. Ba3 Bxe5 21. Bb4 Nxb4 22. Qh5 Bc7 0-1

[Event "London Classic op 10th"]
[Site "London"]
[Date "2018.12.13"]
[Round "5"]
[White "Islam, Mohammed"]
[Black "Haddock, Paul"]
[Result "1-0"]
[WhiteElo "1725"]
[BlackElo "1558"]
[PlyCount "125"]
[EventDate "2018.12.09"]
[EventType "swiss"]
[EventRounds "9"]
[EventCountry "ENG"]
[SourceTitle "CBM 187 Extra"]
[Source "ChessBase"]
[SourceDate "2018.11.04"]
[SourceVersion "1"]
[SourceVersionDate "2018.11.04"]
[SourceQuality "1"]

1. c4 f5 2. d4 Nf6 3. Nf3 e6 4. e3 b6 5. Be2 Bb7 6. 0-0 Be7 7. Nbd2 0-0 8. b3 d6 9. Bb2 Nbd7 10. Ng5 Qc8 11. Nxe6 Rf7 12. Nf3 Ne4 13. d5 Ndf6 14. Nfd4 g6 15. b4 Ne8 16. f3 Ng5 17. e4 Nxe6 18. Nxe6 Bf6 19. Bxf6 Rxf6 20. Bd3 Ng7 21. exf5 gxf5 22. Nxg7 Kxg7 23. Re1 Qf8 24. Qc2 Bc8 25. f4 Bd7 26. Re3 Re8 27. Rae1 Rxe3 28. Rxe3 Rf7 29. Qe2 Kh8 30. Qb2+ Qg7 31. Qxg7+ Kxg7 32. Bc2 Bc8 33. Bd1 Kf8 34. Kf2 Re7 35. Bc2 Rxe3 36. Kxe3 Kf7 37. g4 fxg4 38. Bxh7 Kf6 39. Kf2 a5 40. a3 axb4 41. axb4 Ba6 42. Bd3 Bc8 43. Kg3 Bd7 44. Be2 Bf5 45. Bxg4 Bd3 46. Bf3 Bxc4 47. Be4 Be2 48. h4 Bh5 49. Bf3 Bg6 50. Kg4 Bh7 51. Kh5 Bd3 52. Kg4 Bf5+ 53. Kg3 Bh7 54. Kf2 Bg6 55. Ke3 Bh7 56. Be4 Bg8 57. h5 Kg7 58. Kf3 Bf7 59. Kg4 Kh6 60. Kf5 Bxh5 61. Kf6 Be8 62. Ke7 Bb5 63. f5 1-0

[Event "London Classic op 10th"]
[Site "London"]
[Date "2018.12.12"]
[Round "4"]
[White "Haddock, Paul"]
[Black "Hughes, Anthony"]
[Result "0-1"]
[WhiteElo "1558"]
[BlackElo "1910"]
[PlyCount "74"]
[EventDate "2018.12.09"]
[EventType "swiss"]
[EventRounds "9"]
[EventCountry "ENG"]
[SourceTitle "CBM 187 Extra"]
[Source "ChessBase"]
[SourceDate "2018.11.04"]
[SourceVersion "1"]
[SourceVersionDate "2018.11.04"]
[SourceQuality "1"]

1. e4 c6 2. d4 d5 3. e5 c5 4. Nf3 Nc6 5. c3 cxd4 6. cxd4 Bg4 7. Bb5 Qb6 8. Nc3 e6 9. h3 Bxf3 10. gxf3 Nge7 11. Be3 Nf5 12. Qd3 Be7 13. Nxd5 exd5 14. Bxc6+ bxc6 15. Qxf5 Qa6 16. a3 Rb8 17. Rb1 Rb3 18. Qc2 Qb5 19. Qe2 Bxa3 20. Qxb5 cxb5 21. Ke2 Be7 22. Rhc1 Kd7 23. Rc2 Rc8 24. Kd2 a5 25. Rbc1 Rxc2+ 26. Rxc2 a4 27. f4 g6 28. Kc1 Rb4 29. Rc3 Rc4 30. Kc2 Kc6 31. Rxc4+ dxc4 32. f3 Kd5 33. Kd2 Bb4+ 34. Kc2 Be1 35. Kd1 Ba5 36. Kc2 b4 37. Kb1 Bb6 0-1

[Event "Gibraltar Amateur op-B"]
[Site "Caleta"]
[Date "2018.01.31"]
[Round "5"]
[White "Parker, Keith"]
[Black "Haddock, Paul"]
[Result "1/2-1/2"]
[WhiteElo "1849"]
[BlackElo "1580"]
[PlyCount "38"]
[EventDate "2018.01.27"]
[EventType "swiss"]
[EventRounds "5"]
[EventCountry "GGB"]
[SourceTitle "EXT 2019"]
[Source "ChessBase"]
[SourceDate "2018.10.10"]
[SourceVersion "1"]
[SourceVersionDate "2018.10.10"]
[SourceQuality "1"]

1. d4 Nf6 2. Bf4 d5 3. e3 e6 4. Nf3 c5 5. c3 Nc6 6. Nbd2 Qb6 7. Rb1 cxd4 8. exd4 Be7 9. Bd3 Bd7 10. h3 h6 11. Qe2 0-0 12. Ne5 Qd8 13. Ndf3 a5 14. Bc2 b5 15. Qd3 Ne4 16. 0-0 f5 17. Ng6 Rf6 18. Nxe7+ Qxe7 19. Qe2 g5 1/2-1/2

[Event "Gibraltar Amateur op-B"]
[Site "Caleta"]
[Date "2018.01.30"]
[Round "4"]
[White "Haddock, Paul"]
[Black "Lochte, Szilvia"]
[Result "1/2-1/2"]
[WhiteElo "1580"]
[BlackElo "1862"]
[PlyCount "68"]
[EventDate "2018.01.27"]
[EventType "swiss"]
[EventRounds "5"]
[EventCountry "GGB"]
[SourceTitle "EXT 2019"]
[Source "ChessBase"]
[SourceDate "2018.10.10"]
[SourceVersion "1"]
[SourceVersionDate "2018.10.10"]
[SourceQuality "1"]

1. e4 c5 2. d4 cxd4 3. c3 dxc3 4. Nxc3 Nc6 5. Nf3 d6 6. Bc4 a6 7. 0-0 Nf6 8. h3 e6 9. Qe2 Qc7 10. Rd1 Be7 11. Bf4 Ne5 12. Nxe5 dxe5 13. Be3 0-0 14. Rac1 b5 15. Bb3 Qb8 16. f3 Bb7 17. Bg5 Qa7+ 18. Be3 Bc5 19. Bxc5 Qxc5+ 20. Kh2 Qb6 21. Rd2 Rad8 22. Rcd1 Rd4 23. Qe3 Qc7 24. g3 Rxd2+ 25. Qxd2 Qb6 26. Kg2 Bc6 27. Qd6 Nd7 28. Bxe6 fxe6 29. Qxe6+ Kh8 30. Rxd7 b4 31. Qe7 Rg8 32. Nd5 Qb5 33. Rd8 Qe2+ 34. Kg1 Qe1+ 1/2-1/2

[Event "Gibraltar Amateur op-A"]
[Site "Caleta"]
[Date "2018.01.24"]
[Round "3"]
[White "Guegan, Michel"]
[Black "Haddock, Paul"]
[Result "1/2-1/2"]
[WhiteElo "1713"]
[BlackElo "1580"]
[PlyCount "42"]
[EventDate "2018.01.22"]
[EventType "swiss"]
[EventRounds "5"]
[EventCountry "GGB"]
[SourceTitle "EXT 2019"]
[Source "ChessBase"]
[SourceDate "2018.10.10"]
[SourceVersion "1"]
[SourceVersionDate "2018.10.10"]
[SourceQuality "1"]

1. d4 Nf6 2. Nf3 d6 3. Nc3 g6 4. e4 Bg7 5. Be3 a5 6. Qd2 0-0 7. Bh6 Bg4 8. Bxg7 Kxg7 9. Nh4 e5 10. Nf3 Nc6 11. dxe5 dxe5 12. Qxd8 Raxd8 13. Nd2 Nd4 14. Bd3 Be6 15. Nb3 Bxb3 16. axb3 Nxb3 17. Ra3 Nc5 18. Be2 b6 19. f3 Rd7 20. Ra1 Rfd8 21. Rd1 Ne6 1/2-1/2

[Event "Gibraltar Amateur op-A"]
[Site "Caleta"]
[Date "2018.01.22"]
[Round "1"]
[White "Haddock, Paul"]
[Black "Webel, Peter"]
[Result "1/2-1/2"]
[WhiteElo "1580"]
[BlackElo "1853"]
[PlyCount "75"]
[EventDate "2018.01.22"]
[EventType "swiss"]
[EventRounds "5"]
[EventCountry "GGB"]
[SourceTitle "EXT 2019"]
[Source "ChessBase"]
[SourceDate "2018.10.10"]
[SourceVersion "1"]
[SourceVersionDate "2018.10.10"]
[SourceQuality "1"]

1. e4 c5 2. d4 cxd4 3. c3 Nc6 4. cxd4 d5 5. e5 Bf5 6. Nf3 Bxb1 7. Rxb1 e6 8. a3 Nge7 9. Bg5 h6 10. Bxe7 Bxe7 11. Be2 Qa5+ 12. Qd2 Qxd2+ 13. Kxd2 0-0 14. b4 f6 15. Bb5 Rac8 16. Rhc1 fxe5 17. dxe5 Rxf3 18. gxf3 Bg5+ 19. Kd1 Bxc1 20. Rxc1 Kf7 21. Bd3 Ne7 22. Rxc8 Nxc8 23. f4 Ne7 24. Ke2 Ng6 25. Kf3 Ne7 26. h4 Nc6 27. h5 Ne7 28. Kg4 g6 29. hxg6+ Nxg6 30. a4 Ne7 31. Kh5 Kg7 32. Kg4 Nc6 33. b5 Nd4 34. Kh5 b6 35. Kg4 Nb3 36. f5 exf5+ 37. Kxf5 Nd4+ 38. Kg4 1/2-1/2

[Event "London Classic op"]
[Site "London"]
[Date "2017.12.09"]
[Round "9"]
[White "Neatherway, A Philip"]
[Black "Haddock, Paul"]
[Result "1-0"]
[WhiteElo "1806"]
[BlackElo "1576"]
[PlyCount "65"]
[EventDate "2017.12.02"]
[EventType "swiss"]
[EventRounds "9"]
[EventCountry "ENG"]
[SourceTitle "CBM 182 Extra"]
[Source "ChessBase"]
[SourceDate "2018.02.23"]
[SourceVersion "1"]
[SourceVersionDate "2018.02.23"]
[SourceQuality "1"]

1. e4 c5 2. Nf3 Nc6 3. d4 cxd4 4. Nxd4 Nf6 5. Nc3 d6 6. Bg5 a6 7. Be2 Bd7 8. 0-0 Qc7 9. a4 b6 10. Re1 e6 11. Kh1 Be7 12. Qd2 0-0 13. Rad1 Bc8 14. Nxc6 Qxc6 15. e5 Nd5 16. Bxe7 Nxe7 17. exd6 Bb7 18. Bf3 Nd5 19. Nxd5 exd5 20. Bxd5 Qxd5 21. Qxd5 Bxd5 22. Rxd5 Rfe8 23. Rxe8+ Rxe8 24. g3 Rd8 25. d7 Kf8 26. Rd6 b5 27. axb5 axb5 28. Kg2 Ke7 29. Rb6 Rxd7 30. Rxb5 Rd2 31. c4 Kd6 32. Rb7 Ke6 33. b4 1-0

[Event "London Classic op"]
[Site "London"]
[Date "2017.12.08"]
[Round "8"]
[White "Haddock, Paul"]
[Black "Dunn, Maxim"]
[Result "1/2-1/2"]
[WhiteElo "1576"]
[BlackElo "1757"]
[PlyCount "46"]
[EventDate "2017.12.02"]
[EventType "swiss"]
[EventRounds "9"]
[EventCountry "ENG"]
[SourceTitle "CBM 182 Extra"]
[Source "ChessBase"]
[SourceDate "2018.02.23"]
[SourceVersion "1"]
[SourceVersionDate "2018.02.23"]
[SourceQuality "1"]

1. e4 c5 2. d4 cxd4 3. c3 Nf6 4. e5 Nd5 5. cxd4 e6 6. Bc4 Nb6 7. Bb3 Nc6 8. Nf3 d6 9. Qe2 Be7 10. 0-0 0-0 11. Nc3 Re8 12. Bf4 dxe5 13. dxe5 Nd4 14. Nxd4 Qxd4 15. Bg3 Qb4 16. Rfd1 Bd7 17. Ne4 Bb5 18. Qe3 Red8 19. a3 Qa5 20. Nd6 Bxd6 21. Rxd6 Rxd6 22. exd6 Bc6 23. Rd1 Nd5 1/2-1/2

[Event "London Classic op"]
[Site "London"]
[Date "2017.12.06"]
[Round "6"]
[White "Haddock, Paul"]
[Black "Perez Bolanos, Joel"]
[Result "1-0"]
[WhiteElo "1576"]
[BlackElo "1519"]
[PlyCount "67"]
[EventDate "2017.12.02"]
[EventType "swiss"]
[EventRounds "9"]
[EventCountry "ENG"]
[SourceTitle "CBM 182 Extra"]
[Source "ChessBase"]
[SourceDate "2018.02.23"]
[SourceVersion "1"]
[SourceVersionDate "2018.02.23"]
[SourceQuality "1"]

1. e4 c6 2. d4 d5 3. Nc3 dxe4 4. Nxe4 Bf5 5. Ng3 Bg6 6. Nf3 Qc7 7. Bc4 e6 8. Qe2 Nf6 9. 0-0 Bd6 10. Ne5 Nd5 11. f4 Nd7 12. Nxd7 Kxd7 13. Bxd5 cxd5 14. c3 Rae8 15. Bd2 h5 16. Qb5+ Qc6 17. Qxc6+ bxc6 18. Rfc1 Rb8 19. b3 Ba3 20. Rf1 c5 21. f5 h4 22. fxg6 hxg3 23. Rxf7+ Ke8 24. hxg3 cxd4 25. cxd4 Bb2 26. Re1 Bxd4+ 27. Be3 Bc3 28. Re2 a5 29. Ba7 Rb5 30. Rxe6+ Kd8 31. Rd6+ Ke8 32. Rc6 Bf6 33. Rc8+ Bd8 34. Bd4 1-0

[Event "Gibraltar Amateur op-B"]
[Site "Caleta"]
[Date "2017.01.30"]
[Round "3"]
[White "Haddock, Paul"]
[Black "Skalli, Taoufik"]
[Result "0-1"]
[WhiteElo "1570"]
[BlackElo "1864"]
[PlyCount "56"]
[EventDate "2017.01.28"]
[EventType "swiss"]
[EventRounds "5"]
[EventCountry "GGB"]
[SourceTitle "EXT 2018"]
[Source "ChessBase"]
[SourceDate "2017.10.13"]
[SourceVersion "1"]
[SourceVersionDate "2017.10.13"]
[SourceQuality "1"]

1. e4 c5 2. d4 cxd4 3. c3 g6 4. cxd4 d5 5. e5 Bg7 6. Nf3 Bg4 7. Bb5+ Nd7 8. Nc3 e6 9. h3 Bxf3 10. Qxf3 a6 11. Bd3 Ne7 12. Bg5 0-0 13. Qe3 Re8 14. 0-0 Qb6 15. Bxe7 Rxe7 16. b3 Rae8 17. f4 f6 18. Rf3 fxe5 19. fxe5 Rc8 20. Na4 Qa7 21. Raf1 b5 22. Qg5 Qxd4+ 23. Kh1 Rce8 24. Bxg6 hxg6 25. Nc3 Nxe5 26. Ne2 Nxf3 27. Qxe7 Rxe7 28. Nxd4 Nxd4 0-1

[Event "Gibraltar Amateur op-A"]
[Site "Caleta"]
[Date "2017.01.25"]
[Round "3"]
[White "Haddock, Paul"]
[Black "Lochte, Szilvia"]
[Result "0-1"]
[WhiteElo "1570"]
[BlackElo "1829"]
[PlyCount "66"]
[EventDate "2017.01.23"]
[EventType "swiss"]
[EventRounds "5"]
[EventCountry "GGB"]
[SourceTitle "CBM 176 Extra"]
[Source "ChessBase"]
[SourceDate "2017.03.02"]
[SourceVersion "1"]
[SourceVersionDate "2017.03.02"]
[SourceQuality "1"]

1. e4 c5 2. d4 cxd4 3. c3 d3 4. Bxd3 Nc6 5. f4 d6 6. Nf3 Nf6 7. Be3 Ng4 8. Bg1 e6 9. h3 Nf6 10. Be3 Be7 11. 0-0 d5 12. e5 Nd7 13. Qe1 Bc5 14. Bxc5 Nxc5 15. Qe2 Qb6 16. Rf2 Nxd3 17. Qxd3 Bd7 18. a4 Na5 19. b4 Nc4 20. Nd4 Rc8 21. Kh1 0-0 22. Raa2 f6 23. exf6 Rxf6 24. Rae2 Bxa4 25. Nd2 Nb2 26. Qg3 Nd1 27. Rf3 Rg6 28. Qh4 Nxc3 29. f5 Rh6 30. Qf2 Nxe2 31. Qxe2 Qxd4 32. f6 Rxf6 33. Rxf6 Qxf6 0-1